00768nam a2200205 i 450000100060000000300090000600500170001500700030003200800410003510000320007624501220010825000150023026000380024530000390028370000420032270000270036485200320039199900170042395201220044035312ES-MaACL20230906155113.0t|030212s1966 sp ||||1| cat d1 aBottomore, Thomas B.93080810aIniciació a la sociología / cT.B. Bottomore ; proleg d'E. Pinilla de las Heras ; [traducció de Jordi Monés]. a[1ª ed.]. aMadrid : bEdiciones 62, c[1966] a390 p. : b1 retr. aut. ; c20 cm.1 aPinilla de las Heras, Esteban.9921391 aMonès, Jordi.982173 aES-MaACLjC-30385 bR.60785 c35312d35312 00104070aATENEOMbATENEOMcDEPO2d2008-01-17eSCl0oC-30385p1036940r2023-02-23 00:00:00w2023-02-23yMONOGRAFIA